000 00524nam a2200181Ia 4500
999 _c14130
_d14130
003 OSt
005 20201104131834.0
008 190216s9999||||xx |||||||||||||| ||und||
020 _a9780002730020
040 _coclc
082 _a700.103
_bHUG/C
100 _aHughes, Robert
_96267
245 0 _aCulture Of Complaint /
_cRobert Hughes
260 _bHarper Collins Publishers,
_c1994.
_aLondon:
300 _a178p
650 _aEnglish Literature
942 _cBK
_2ddc
_h700.103
_iHUG/C
_k700.103
_mHUG/C